[Event "FRA-chTW Top 12 2019"]
[Site "Vandoeuvre"]
[Date "2019.05.03"]
[Round "3.3"]
[White "Nicolas, Gabrielle"]
[Black "Maisuradze, Nino"]
[Result "0-1"]
[WhiteElo "1733"]
[BlackElo "2179"]
[Annotator "NA"]
[PlyCount "52"]
[EventDate "2019.05.02"]
[EventType "team-tourn"]
[EventCountry "FRA"]
[SourceTitle "playchess.com"]
[Source "ChessBase"]
[SourceQuality "1"]
[TimeControl "40/5400+30:1800+30"]

1. d4 {[%emt 0:00:00]} Nf6 {[%emt 0:00:20]} 2. Nf3 {[%emt 0:00:03]} b6 {[%emt 0:00:51]} 3. c4 {[%emt 0:03:33]} e6 {[%emt 0:01:01]} 4. e3 {[%emt 0:03:24]} Bb7 {[%emt 0:00:23]} 5. Be2 {[%emt 0:01:08]} d5 {[%emt 0:05:18]} 6. O-O {[%emt 0:05:16]} Bd6 {[%emt 0:01:18]} 7. Nbd2 {[%emt 0:01:08]} O-O {[%emt 0:02:44]} 8. b3 {[%emt 0:02:31]} Nbd7 {[%emt 0:03:26]} 9. Bb2 {[%emt 0:03:02]} Qe7 {[%emt 0:02:41]} 10. Ne5 {[%emt 0:03:28]} Rfd8 {[%emt 0:05:05]} 11. f4 {[%emt 1:11:57]} c5 {[%emt 0:01:48]} 12. Qe1 {[%emt 0:00:00]} cxd4 {[%emt 0:05:07]} 13. Nxd7 {[%emt 0:00:00]} Rxd7 {[%emt 0:01:08]} 14. Bxd4 {[%emt 0:00:00]} Bb4 {[%emt 0:00:33]} 15. Qc1 {[%emt 0:00:00]} Rc8 {[%emt 0:01:35]} 16. a3 {[%emt 0:00:00]} Bc5 {[%emt 0:01:20]} 17. Qb2 {[%emt 0:00:00]} dxc4 {[%emt 0:00:41]} 18. Nxc4 {[%emt 0:00:00]} Bxd4 {[%emt 0:03:22]} 19. exd4 {[%emt 0:00:00]} Qd8 {[%emt 0:01:54]} 20. Rad1 {[%emt 0:00:00]} Be4 {[%emt 0:04:41]} 21. Rd2 {[%emt 0:00:00]} Rdc7 {[%emt 0:01:25]} 22. Bd3 {[%emt 0:00:00]} b5 {[%emt 0:06:47]} 23. Ne3 {[%emt 0:00:00]} Rc3 {[%emt 0:00:57]} 24. Qb1 {[%emt 0:00:00]} Qxd4 {[%emt 0:00:52]} 25. Bxe4 {[%emt 0:00:00]} Qxe3+ {[%emt 0:00:36]} 26. Rff2 {[%emt 0:00:00]} Rc1+ {[%emt 0:01:17]} 0-1

[Event "FRA-chTW Top 12 2019"]
[Site "Vandoeuvre"]
[Date "2019.05.03"]
[Round "3.4"]
[White "Bauer, Alexandra"]
[Black "Dornbusch, Tatiana"]
[Result "0-1"]
[WhiteElo "1349"]
[BlackElo "2285"]
[Annotator "NA"]
[PlyCount "62"]
[EventDate "2019.05.02"]
[EventType "team-tourn"]
[EventCountry "FRA"]
[SourceTitle "playchess.com"]
[Source "ChessBase"]
[SourceQuality "1"]
[TimeControl "40/5400+30:1800+30"]

1. d4 {[%emt 0:00:59]} Nf6 {[%emt 0:00:00]} 2. Bf4 {[%emt 0:00:32]} c5 {[%emt 0:00:55]} 3. e3 {[%emt 0:01:07]} g6 {[%emt 0:00:23]} 4. Nf3 {[%emt 0:01:07]} Bg7 {[%emt 0:00:12]} 5. c3 {[%emt 0:01:42]} O-O {[%emt 0:12:39]} 6. Be2 {[%emt 0:01:57]} d6 {[%emt 0:00:10]} 7. O-O {[%emt 0:01:15]} Nc6 {[%emt 0:01:16]} 8. Nbd2 {[%emt 0:06:56]} cxd4 {[%emt 0:20:36]} 9. exd4 {[%emt 0:05:49]} Be6 {[%emt 0:01:01]} 10. Re1 {[%emt 0:05:13]} Qb6 {[%emt 0:01:48]} 11. Qc1 {[%emt 0:10:28]} Rac8 {[%emt 0:01:02]} 12. Bc4 {[%emt 0:10:29]} Bxc4 {[%emt 0:07:57]} 13. Nxc4 {[%emt 0:00:16]} Qa6 {[%emt 0:00:24]} 14. Ne3 {[%emt 0:04:23]} Nb4 {[%emt 0:02:14]} 15. Nc2 {[%emt 0:09:12]} Nd3 {[%emt 0:00:40]} 16. Qd2 {[%emt 0:00:10]} Nxe1 {[%emt 0:00:20]} 17. Qxe1 {[%emt 0:03:18]} Nd5 {[%emt 0:01:29]} 18. Bg3 {[%emt 0:01:09]} Qb5 {[%emt 0:04:43]} 19. Qc1 {[%emt 0:14:19]} Qd3 {[%emt 0:03:35]} 20. Qd2 {[%emt 0:04:24]} Qxd2 {[%emt 0:00:56]} 21. Nxd2 {[%emt 0:00:04]} b5 {[%emt 0:00:26]} 22. Ne3 {[%emt 0:02:29]} Nb6 {[%emt 0:01:44]} 23. Rc1 {[%emt 0:03:05]} Bxd4 {[%emt 0:01:08]} 24. Re1 {[%emt 0:02:14]} Bg7 {[%emt 0:00:40]} 25. Nb3 {[%emt 0:00:59]} d5 {[%emt 0:02:10]} 26. Nc2 {[%emt 0:01:59]} Rfe8 {[%emt 0:01:05]} 27. f4 {[%emt 0:01:42]} Nc4 {[%emt 0:00:59]} 28. Ncd4 {[%emt 0:05:16]} Nxb2 {[%emt 0:01:34]} 29. Nxb5 {[%emt 0:00:51]} a6 {[%emt 0:00:13]} 30. N5d4 {[%emt 0:00:29]} Rxc3 {[%emt 0:00:23]} 31. Re2 {[%emt 0:01:05]} Nd3 {[%emt 0:01:03]} 0-1

[Event "FRA-chTW Top 12 2019"]
[Site "Vandoeuvre"]
[Date "2019.05.03"]
[Round "3.5"]
[White "Guichard, Pauline"]
[Black "Savina, Anastasia"]
[Result "1-0"]
[WhiteElo "2430"]
[BlackElo "2353"]
[Annotator "TA"]
[PlyCount "77"]
[EventDate "2019.05.02"]
[EventType "team-tourn"]
[EventCountry "FRA"]
[SourceTitle "playchess.com"]
[Source "ChessBase"]
[SourceQuality "1"]

{[%evp 12,77,11,0,0,0,0,-25,0,0,10,-37,22,11,17,29,32,22,29,22,59,59,103,0,0,0,0,-47,0,-22,-29,-21,-18,-26,-30,-32,-14,-26,-26,-8,-14,-30,0,-5,37,28,39,0,334,330,325,211,182,202,204,78,134,11,317,353,461,461,526,513,4818,4770,29983,1327]} 1. Nf3 d6 2. d4 g6 3. e4 Bg7 4. Bc4 Nf6 5. Nc3 O-O 6. Qe2 Bg4 7. e5 dxe5 {B08: Pirc Defence: Classical System} 8. dxe5 Nfd7 9. Bf4 (9. e6 Ne5 10. exf7+ Kh8 11. Be3 Nbc6 12. Rd1 Qc8 13. Bd5 Qf5 14. Be4 Qh5 15. Nd5 Rxf7 16. Nxe5 Bxe2 17. Nxf7+ {½-½ (59) Dubov,D (2660)-Morozevich,A (2676) Moscow 2016}) 9... e6 {Black has an edge.} 10. O-O-O Qe7 11. Bb5 Bxf3 $146 (11... Nb6 $15) ({Predecessor:} 11... c6 12. Bd3 Qb4 13. Qe3 Bxf3 14. gxf3 Qa5 15. Rhe1 {0-1 (39) Efler,D (2255)-Novotny,J (2225) Czechia 1996}) 12. gxf3 $11 Nc6 13. Bxc6 bxc6 14. Rd4 c5 15. Re4 Rab8 16. h4 f6 17. Qe3 (17. h5 $16) 17... fxe5 18. Bg5 Qf7 $36 {[%mdl 2048] Black has good play.} 19. Rd1 Nf6 20. Bxf6 Qxf6 21. Rd3 Rbd8 22. Rxd8 Rxd8 23. a3 Rf8 24. Kb1 Qxf3 25. Qxc5 Qxf2 26. Qxc7 h5 {Threatening ...Rf4.} 27. Rb4 Qf1+ 28. Ka2 {[%mdl 1024] White has compensation.} Qf7 29. Qc6 Bf6 $2 {[%mdl 8192] [#]} (29... Qe8 $1 $11 {and Black has nothing to worry.} 30. Qa6 Bf6) 30. Rb7 $18 Qe8 31. Qe4 a6 32. Ra7 Bg7 {[#]} 33. Rxa6 (33. b4 $1 $18 {is more deadly.}) 33... Kh7 ({Black should play} 33... Rf4 34. Qb7 Qf7 35. Qa8+ Qf8) 34. Qc4 (34. a4 $16) 34... e4 $2 {[%mdl 8192]} (34... Rf4 $11 {and Black stays safe.} 35. Qc7 Rxh4) 35. Nxe4 ({Resist} 35. Rxe6 Qb8 $18) 35... Qb8 {[%csl Gg7][%cal Rb8b2]} 36. c3 Rf4 {If only Black now had time for ...Qe5....} 37. Qxe6 Rg4 (37... Kh8 $142 38. Rc6 Qg8) 38. Ng5+ Kh8 39. Rc6 {Accuracy: White = 51%, Black = 31%.} (39. Qxg6 $142 Rxg5 40. hxg5 Qd8 41. Qxh5+ Kg8 42. g6 Qd7 43. Qh7+ Kf8 44. Ra8+ Ke7 45. Qxg7+ Kd6 46. Qxd7+ Kxd7 47. g7) 1-0

[Event "FRA-chTW Top 12 2019"]
[Site "Vandoeuvre"]
[Date "2019.05.03"]
[Round "3.5"]
[White "Le Du, Anaelle"]
[Black "Gaponenko, Inna"]
[Result "0-1"]
[WhiteElo "1728"]
[BlackElo "2445"]
[Annotator "TA"]
[PlyCount "74"]
[EventDate "2019.05.02"]
[EventType "team-tourn"]
[EventCountry "FRA"]
[SourceTitle "playchess.com"]
[Source "ChessBase"]
[SourceQuality "1"]

{[%evp 21,74,0,7,-41,-37,-84,-76,-111,-118,-118,-126,-119,-107,-129,-110,-149,-150,-155,-158,-159,-162,-192,-193,-179,-147,-204,-205,-213,-203,-236,-219,-242,-187,-318,-315,-305,-324,-427,-401,-469,-452,-620,-614,-610,-605,-606,-594,-602,-593,-616,-613,-613,-598,-632,-600]} 1. c4 g6 2. g3 Bg7 3. Bg2 c5 4. Nc3 Nc6 5. Nf3 e6 6. d3 Nge7 7. O-O O-O 8. Rb1 b6 9. a3 Bb7 10. Bd2 d6 11. b4 Qd7 12. Qc1 {A37: Symmetrical English vs ...g6: 4 Bg2 Bg7 5 Nf3} Nd4 13. Nxd4 cxd4 14. Bxb7 $146 {Black is better.} ({Predecessor:} 14. Ne4 d5 15. cxd5 Nxd5 16. Bh6 Rac8 17. Qg5 f5 18. Bxg7 Kxg7 19. Nd2 Rc2 {0-1 (28) Bordovsky,V (2340)-Kovchan,A (2576) Lutsk 2015}) 14... dxc3 15. Bxa8 {[#] Black must now prevent Bg2.} cxd2 16. Qxd2 {Hoping for Bg2.} Rxa8 17. Rfc1 Nc6 18. Qd1 Rc8 19. e3 Ne5 20. f4 Nc6 21. Qf3 Ne7 22. g4 e5 23. Rf1 (23. Kh1 $17) 23... exf4 $19 24. Qxf4 Nc6 25. d4 Re8 26. Rbc1 Nd8 27. h3 (27. Qg3 {was called for.}) 27... Ne6 28. Qg3 Ng5 29. h4 Ne4 30. Qf4 Nf6 {Black is clearly winning.} 31. g5 Re4 32. Qf3 Rg4+ 33. Kf2 Ne4+ 34. Ke2 Ng3+ 35. Kd2 Nxf1+ 36. Rxf1 Rxh4 37. Rf2 h6 {Accuracy: White = 31%, Black = 92%.} 0-1

[Event "FRA-chTW Top 12 2019"]
[Site "Vandoeuvre"]
[Date "2019.05.03"]
[Round "3.6"]
[White "Skripchenko, Almira"]
[Black "Le Du, Maelle"]
[Result "1-0"]
[WhiteElo "2406"]
[BlackElo "1673"]
[Annotator "NA"]
[PlyCount "99"]
[EventDate "2019.05.02"]
[EventType "team-tourn"]
[EventCountry "FRA"]
[SourceTitle "playchess.com"]
[Source "ChessBase"]
[SourceQuality "1"]
[TimeControl "40/5400+30:1800+30"]

1. e4 {[%emt 0:00:00]} e5 {[%emt 0:00:00]} 2. Nf3 {[%emt 0:00:00]} Nc6 {[%emt 0:00:00]} 3. Bc4 {[%emt 0:00:09]} Nf6 {[%emt 0:00:56]} 4. d3 {[%emt 0:00:22]} h6 {[%emt 0:00:50]} 5. Nc3 {[%emt 0:01:39]} Bc5 {[%emt 0:02:45]} 6. h3 {[%emt 0:02:28]} d6 {[%emt 0:00:47]} 7. a3 {[%emt 0:00:27]} Be6 {[%emt 0:01:30]} 8. Bxe6 {[%emt 0:08:23]} fxe6 {[%emt 0:00:13]} 9. Na4 {[%emt 0:00:09]} Bb6 {[%emt 0:03:11]} 10. Nxb6 {[%emt 0:00:40]} axb6 {[%emt 0:00:09]} 11. c3 {[%emt 0:04:45]} Qd7 {[%emt 0:05:55]} 12. Qe2 {[%emt 0:02:39]} Qf7 {[%emt 0:05:16]} 13. Bd2 {[%emt 0:07:14]} Nd7 {[%emt 0:20:48]} 14. d4 {[%emt 0:01:44]} exd4 {[%emt 0:02:36]} 15. cxd4 {[%emt 0:01:43]} O-O {[%emt 0:09:26]} 16. O-O {[%emt 0:02:46]} Qg6 {[%emt 0:06:45]} 17. Rfe1 {[%emt 0:16:37]} Rf7 {[%emt 0:16:02]} 18. Kh2 {[%emt 0:17:25]} Raf8 {[%emt 0:03:20]} 19. Bc3 {[%emt 0:02:40]} e5 {[%emt 0:04:18]} 20. dxe5 {[%emt 0:07:59]} Ndxe5 {[%emt 0:01:05]} 21. Nxe5 {[%emt 0:00:17]} Nxe5 {[%emt 0:00:15]} 22. Bxe5 {[%emt 0:01:47]} dxe5 {[%emt 0:00:27]} 23. f3 {[%emt 0:00:21]} Rd8 {[%emt 0:02:37]} 24. Rad1 {[%emt 0:03:48]} Rfd7 {[%emt 0:01:03]} 25. Rxd7 {[%emt 0:03:00]} Rxd7 {[%emt 0:00:02]} 26. Rd1 {[%emt 0:01:18]} Qc6 {[%emt 0:02:01]} 27. Rxd7 {[%emt 0:02:51]} Qxd7 {[%emt 0:00:02]} 28. Qc4+ {[%emt 0:00:11]} Kh7 {[%emt 0:00:17]} 29. Qc3 {[%emt 0:06:35]} Qd6 {[%emt 0:01:00]} 30. h4 {[%emt 0:00:22]} Qc5 {[%emt 0:05:16]} 31. Qb3 {[%emt 0:00:33]} Qd6 {[%emt 0:02:23]} 32. Kh3 {[%emt 0:03:06]} Qd7+ {[%emt 0:01:41]} 33. Kg3 {[%emt 0:00:10]} Kg6 {[%emt 0:00:31]} 34. Qg8 {[%emt 0:00:40]} Qe7 {[%emt 0:01:36]} 35. Qc8 {[%emt 0:00:18]} Qf6 {[%emt 0:01:05]} 36. Kh3 {[%emt 0:01:19]} Qf4 {[%emt 0:00:43]} 37. Qxc7 {[%emt 0:00:49]} Qf6 {[%emt 0:00:37]} 38. Qd7 {[%emt 0:00:38]} Qf4 {[%emt 0:00:58]} 39. Qe6+ {[%emt 0:00:23]} Qf6 {[%emt 0:00:17]} 40. Qxf6+ {[%emt 0:00:57]} Kxf6 {[%emt 0:00:04]} 41. Kg3 {[%emt 0:30:13]} b5 {[%emt 0:30:11]} 42. f4 {[%emt 0:00:30]} exf4+ {[%emt 0:00:26]} 43. Kxf4 {[%emt 0:00:05]} b6 {[%emt 0:01:29]} 44. e5+ {[%emt 0:00:57]} Ke6 {[%emt 0:00:13]} 45. h5 {[%emt 0:00:24]} Kd5 {[%emt 0:00:52]} 46. Kf5 {[%emt 0:00:10]} Kc4 {[%emt 0:00:04]} 47. e6 {[%emt 0:00:19]} Kb3 {[%emt 0:00:07]} 48. e7 {[%emt 0:00:05]} Kxb2 {[%emt 0:00:02]} 49. e8=Q {[%emt 0:00:09]} Kxa3 {[%emt 0:00:08]} 50. Qxb5 {[%emt 0:00:10]} 1-0

[Event "FRA-chTW Top 12 2019"]
[Site "Vandoeuvre"]
[Date "2019.05.03"]
[Round "3.6"]
[White "Thomas, Anysia"]
[Black "L'Ami, Alina"]
[Result "0-1"]
[WhiteElo "2178"]
[BlackElo "2286"]
[Annotator "NA"]
[PlyCount "64"]
[EventDate "2019.05.02"]
[EventType "team-tourn"]
[EventCountry "FRA"]
[SourceTitle "playchess.com"]
[Source "ChessBase"]
[SourceQuality "1"]
[TimeControl "40/5400+30:1800+30"]

1. d4 {[%emt 0:00:00]} Nf6 {[%emt 0:00:00]} 2. c4 {[%emt 0:00:00]} g6 {[%emt 0:00:00]} 3. Nc3 {[%emt 0:00:00]} Bg7 {[%emt 0:00:00]} 4. e4 {[%emt 0:00:00]} d6 {[%emt 0:00:00]} 5. h3 {[%emt 0:00:00]} O-O {[%emt 0:00:00]} 6. Nf3 {[%emt 0:00:03]} e5 {[%emt 0:00:24]} 7. d5 {[%emt 0:00:07]} c6 {[%emt 0:11:33]} 8. Be3 {[%emt 0:05:41]} cxd5 {[%emt 0:02:19]} 9. cxd5 {[%emt 0:00:07]} Nh5 {[%emt 0:01:48]} 10. g3 {[%emt 0:00:49]} a6 {[%emt 0:08:10]} 11. a4 {[%emt 0:05:41]} Qe8 {[%emt 0:02:10]} 12. Be2 {[%emt 0:04:45]} f5 {[%emt 0:08:53]} 13. exf5 {[%emt 0:04:51]} gxf5 {[%emt 0:00:20]} 14. Nd2 {[%emt 0:10:32]} Nf6 {[%emt 0:02:04]} 15. Nc4 {[%emt 0:01:31]} Nbd7 {[%emt 0:10:39]} 16. Nxd6 {[%emt 0:03:52]} Qg6 {[%emt 0:00:11]} 17. Qc2 {[%emt 0:08:24]} Ne8 {[%emt 0:10:19]} 18. Nxe8 {[%emt 0:07:14]} Qxe8 {[%emt 0:03:08]} 19. Qd2 {[%emt 0:07:19]} f4 {[%emt 0:09:34]} 20. gxf4 {[%emt 0:02:27]} exf4 {[%emt 0:00:36]} 21. Bxf4 {[%emt 0:04:59]} Nc5 {[%emt 0:03:45]} 22. Qe3 {[%emt 0:09:45]} Qg6 {[%emt 0:07:09]} 23. Qxc5 {[%emt 0:17:54]} Rxf4 {[%emt 0:00:02]} 24. Qc7 {[%emt 0:00:36]} Bh6 {[%emt 0:07:17]} 25. d6 {[%emt 0:03:24]} Qg2 {[%emt 0:07:46]} 26. Rf1 {[%emt 0:00:23]} Bxh3 {[%emt 0:00:33]} 27. Bc4+ {[%emt 0:02:16]} Kh8 {[%emt 0:00:20]} 28. Bd3 {[%emt 0:00:34]} Re8+ {[%emt 0:02:23]} 29. Kd1 {[%emt 0:00:18]} Bf5 {[%emt 0:01:41]} 30. d7 {[%emt 0:00:54]} Qxf1+ {[%emt 0:00:41]} 31. Bxf1 {[%emt 0:00:11]} Rd4+ {[%emt 0:00:01]} 32. Bd3 {[%emt 0:00:41]} Rxd3+ {[%emt 0:00:02]} 0-1

[Event "FRA-chTW Top 12 2019"]
[Site "Vandoeuvre"]
[Date "2019.05.03"]
[Round "3.7"]
[White "Afraoui, Anaelle"]
[Black "Steil-Antoni, Fiona"]
[Result "1-0"]
[WhiteElo "2068"]
[BlackElo "2156"]
[Annotator "NA"]
[PlyCount "99"]
[EventDate "2019.05.02"]
[EventType "team-tourn"]
[EventCountry "FRA"]
[SourceTitle "playchess.com"]
[Source "ChessBase"]
[SourceQuality "1"]
[TimeControl "40/5400+30:1800+30"]

1. e4 {[%emt 0:00:00]} c6 {[%emt 0:00:00]} 2. d4 {[%emt 0:00:00]} d5 {[%emt 0:00:16]} 3. Nc3 {[%emt 0:00:00]} dxe4 {[%emt 0:00:22]} 4. Nxe4 {[%emt 0:00:04]} Nf6 {[%emt 0:00:07]} 5. Nxf6+ {[%emt 0:00:12]} exf6 {[%emt 0:00:07]} 6. Bc4 {[%emt 0:00:58]} Bd6 {[%emt 0:00:21]} 7. Qe2+ {[%emt 0:00:19]} Qe7 {[%emt 0:00:47]} 8. Qxe7+ {[%emt 0:01:49]} Kxe7 {[%emt 0:00:02]} 9. Ne2 {[%emt 0:05:00]} Be6 {[%emt 0:05:12]} 10. Bd3 {[%emt 0:04:05]} Nd7 {[%emt 0:01:18]} 11. Ng3 {[%emt 0:04:51]} c5 {[%emt 0:05:46]} 12. d5 {[%emt 0:07:01]} Bxd5 {[%emt 0:09:52]} 13. Nf5+ {[%emt 0:01:30]} Ke6 {[%emt 0:00:03]} 14. Nxg7+ {[%emt 0:02:23]} Ke7 {[%emt 0:00:02]} 15. Nf5+ {[%emt 0:02:26]} Ke6 {[%emt 0:00:02]} 16. Ne3 {[%emt 0:13:19]} Nb6 {[%emt 0:04:52]} 17. Bf5+ {[%emt 0:07:54]} Ke7 {[%emt 0:00:02]} 18. Nxd5+ {[%emt 0:01:01]} Nxd5 {[%emt 0:00:03]} 19. O-O {[%emt 0:04:51]} Nf4 {[%emt 0:03:39]} 20. Re1+ {[%emt 0:01:43]} Ne6 {[%emt 0:00:52]} 21. Be4 {[%emt 0:01:59]} Rab8 {[%emt 0:01:46]} 22. Bh6 {[%emt 0:01:27]} Rhg8 {[%emt 0:05:20]} 23. Rad1 {[%emt 0:08:25]} b5 {[%emt 0:09:31]} 24. Bc1 {[%emt 0:07:54]} Rbd8 {[%emt 0:16:17]} 25. g3 {[%emt 0:02:21]} h5 {[%emt 0:00:19]} 26. h4 {[%emt 0:05:18]} Be5 {[%emt 0:12:00]} 27. c3 {[%emt 0:05:27]} Rxd1 {[%emt 0:01:52]} 28. Rxd1 {[%emt 0:00:04]} b4 {[%emt 0:01:52]} 29. cxb4 {[%emt 0:00:29]} cxb4 {[%emt 0:00:55]} 30. Be3 {[%emt 0:04:00]} Bxb2 {[%emt 0:06:41]} 31. Bxa7 {[%emt 0:00:18]} Kf8 {[%emt 0:01:19]} 32. Rd5 {[%emt 0:02:30]} Be5 {[%emt 0:01:25]} 33. Rb5 {[%emt 0:00:38]} Kg7 {[%emt 0:00:32]} 34. Rxb4 {[%emt 0:00:14]} Rd8 {[%emt 0:00:19]} 35. Bf3 {[%emt 0:00:53]} Kg6 {[%emt 0:02:55]} 36. Be3 {[%emt 0:00:37]} Rc8 {[%emt 0:04:29]} 37. a4 {[%emt 0:01:09]} Rc3 {[%emt 0:00:17]} 38. Kg2 {[%emt 0:01:13]} Ra3 {[%emt 0:00:41]} 39. Bb6 {[%emt 0:00:42]} f5 {[%emt 0:01:14]} 40. a5 {[%emt 0:02:00]} f4 {[%emt 0:00:31]} 41. Rb5 {[%emt 0:30:18]} f6 {[%emt 0:30:51]} 42. Be4+ {[%emt 0:01:17]} Kh6 {[%emt 0:00:39]} 43. Bd5 {[%emt 0:00:45]} Ng7 {[%emt 0:01:40]} 44. Rb3 {[%emt 0:00:15]} Ra1 {[%emt 0:00:28]} 45. Bb7 {[%emt 0:00:48]} Ne6 {[%emt 0:01:08]} 46. a6 {[%emt 0:00:04]} Nd4 {[%emt 0:01:28]} 47. Rb4 {[%emt 0:00:48]} Nc2 {[%emt 0:02:01]} 48. Re4 {[%emt 0:00:23]} fxg3 {[%emt 0:00:44]} 49. a7 {[%emt 0:01:03]} gxf2 {[%emt 0:00:22]} 50. Kxf2 {[%emt 0:00:04]} 1-0

[Event "FRA-chTW Top 12 2019"]
[Site "Vandoeuvre"]
[Date "2019.05.03"]
[Round "3.7"]
[White "Hamelin, Isabelle"]
[Black "Moingt, Anne"]
[Result "0-1"]
[WhiteElo "1609"]
[BlackElo "2042"]
[Annotator "NA"]
[PlyCount "102"]
[EventDate "2019.05.02"]
[EventType "team-tourn"]
[EventCountry "FRA"]
[SourceTitle "playchess.com"]
[Source "ChessBase"]
[SourceQuality "1"]
[TimeControl "40/5400+30:1800+30"]

1. c4 {[%emt 0:00:00]} e5 {[%emt 0:00:00]} 2. Nc3 {[%emt 0:00:00]} Nf6 {[%emt 0:00:00]} 3. g3 {[%emt 0:00:00]} d5 {[%emt 0:00:47]} 4. cxd5 {[%emt 0:00:00]} Nxd5 {[%emt 0:00:07]} 5. Bg2 {[%emt 0:00:06]} Nb6 {[%emt 0:00:11]} 6. Nf3 {[%emt 0:00:34]} Nc6 {[%emt 0:00:10]} 7. O-O {[%emt 0:00:18]} Be7 {[%emt 0:00:19]} 8. d3 {[%emt 0:00:32]} O-O {[%emt 0:00:27]} 9. a3 {[%emt 0:00:24]} Re8 {[%emt 0:04:04]} 10. b4 {[%emt 0:01:46]} a5 {[%emt 0:02:34]} 11. b5 {[%emt 0:00:40]} Nd4 {[%emt 0:00:08]} 12. Bb2 {[%emt 0:01:43]} Bf8 {[%emt 0:01:38]} 13. Re1 {[%emt 0:04:53]} a4 {[%emt 0:04:55]} 14. Nxd4 {[%emt 0:03:04]} exd4 {[%emt 0:01:12]} 15. Ne4 {[%emt 0:00:41]} Ra5 {[%emt 0:09:05]} 16. Rc1 {[%emt 0:04:59]} Rxb5 {[%emt 0:04:20]} 17. Qc2 {[%emt 0:01:55]} c6 {[%emt 0:04:42]} 18. Nd2 {[%emt 0:05:50]} Be6 {[%emt 0:09:29]} 19. Nc4 {[%emt 0:04:25]} Rc5 {[%emt 0:09:03]} 20. Qd1 {[%emt 0:03:22]} Nxc4 {[%emt 0:03:23]} 21. dxc4 {[%emt 0:00:11]} Rxc4 {[%emt 0:00:35]} 22. Rxc4 {[%emt 0:00:18]} Bxc4 {[%emt 0:00:04]} 23. Qxa4 {[%emt 0:00:30]} b5 {[%emt 0:02:21]} 24. Qd1 {[%emt 0:00:19]} c5 {[%emt 0:00:21]} 25. Bf3 {[%emt 0:05:22]} Qa5 {[%emt 0:06:04]} 26. Kg2 {[%emt 0:07:33]} Qa4 {[%emt 0:06:32]} 27. Qxa4 {[%emt 0:02:24]} bxa4 {[%emt 0:00:03]} 28. Bc6 {[%emt 0:00:46]} Rb8 {[%emt 0:00:17]} 29. Bc1 {[%emt 0:02:01]} Bb3 {[%emt 0:01:14]} 30. e4 {[%emt 0:02:35]} c4 {[%emt 0:01:14]} 31. e5 {[%emt 0:00:34]} c3 {[%emt 0:00:40]} 32. Be4 {[%emt 0:01:25]} Bc5 {[%emt 0:01:42]} 33. Bd3 {[%emt 0:00:19]} Bd5+ {[%emt 0:00:24]} 34. Kh3 {[%emt 0:01:50]} Kf8 {[%emt 0:00:21]} 35. f4 {[%emt 0:00:05]} Ba2 {[%emt 0:05:21]} 36. e6 {[%emt 0:06:09]} Bxe6+ {[%emt 0:01:52]} 37. f5 {[%emt 0:00:12]} Ba2 {[%emt 0:00:40]} 38. f6 {[%emt 0:00:44]} Rb6 {[%emt 0:02:16]} 39. Re5 {[%emt 0:02:08]} Bd6 {[%emt 0:02:37]} 40. fxg7+ {[%emt 0:01:49]} Kxg7 {[%emt 0:00:20]} 41. Rh5 {[%emt 0:30:38]} Bb1 {[%emt 0:33:09]} 42. Rg5+ {[%emt 0:02:54]} Kf6 {[%emt 0:00:51]} 43. Rf5+ {[%emt 0:03:04]} Ke6 {[%emt 0:00:10]} 44. Rf3 {[%emt 0:01:56]} Bxd3 {[%emt 0:00:23]} 45. Rxd3 {[%emt 0:00:07]} Rb1 {[%emt 0:00:58]} 46. Bg5 {[%emt 0:02:20]} f6 {[%emt 0:00:11]} 47. Bh6 {[%emt 0:00:29]} Kd5 {[%emt 0:00:10]} 48. Rf3 {[%emt 0:01:07]} Be5 {[%emt 0:00:09]} 49. Bf8 {[%emt 0:00:26]} Ke4 {[%emt 0:00:20]} 50. Rf2 {[%emt 0:01:05]} d3 {[%emt 0:00:08]} 51. Bc5 {[%emt 0:00:14]} c2 {[%emt 0:00:18]} 0-1

[Event "FRA-chTW Top 12 2019"]
[Site "Vandoeuvre"]
[Date "2019.05.03"]
[Round "3.8"]
[White "Choisy, Mathilde"]
[Black "Bonvalot, Isabelle"]
[Result "1-0"]
[WhiteElo "2113"]
[BlackElo "1936"]
[Annotator "NA"]
[PlyCount "69"]
[EventDate "2019.05.02"]
[EventType "team-tourn"]
[EventCountry "FRA"]
[SourceTitle "playchess.com"]
[Source "ChessBase"]
[SourceQuality "1"]
[TimeControl "40/5400+30:1800+30"]

1. e4 {[%emt 0:00:00]} g6 {[%emt 0:00:00]} 2. d4 {[%emt 0:00:00]} Bg7 {[%emt 0:00:00]} 3. Nc3 {[%emt 0:00:00]} c6 {[%emt 0:00:00]} 4. Nf3 {[%emt 0:00:17]} d5 {[%emt 0:00:06]} 5. h3 {[%emt 0:00:25]} f6 {[%emt 0:01:12]} 6. Bd3 {[%emt 0:08:19]} Nh6 {[%emt 0:00:25]} 7. O-O {[%emt 0:00:59]} Nf7 {[%emt 0:00:10]} 8. Re1 {[%emt 0:04:27]} O-O {[%emt 0:00:07]} 9. Bf1 {[%emt 0:02:36]} h6 {[%emt 0:16:31]} 10. Nh4 {[%emt 0:11:07]} Kh7 {[%emt 0:00:51]} 11. exd5 {[%emt 0:09:21]} cxd5 {[%emt 0:00:44]} 12. Bd3 {[%emt 0:07:56]} f5 {[%emt 0:00:30]} 13. Nf3 {[%emt 0:01:13]} Nc6 {[%emt 0:00:18]} 14. Ne2 {[%emt 0:06:06]} e5 {[%emt 0:01:39]} 15. dxe5 {[%emt 0:01:33]} Nfxe5 {[%emt 0:00:30]} 16. Nf4 {[%emt 0:04:41]} Nxd3 {[%emt 0:03:34]} 17. Nxd3 {[%emt 0:02:22]} b6 {[%emt 0:04:32]} 18. Bf4 {[%emt 0:09:33]} g5 {[%emt 0:00:49]} 19. Nfe5 {[%emt 0:03:26]} Ne7 {[%emt 0:02:08]} 20. Bd2 {[%emt 0:01:12]} a5 {[%emt 0:03:37]} 21. Qh5 {[%emt 0:02:49]} Kg8 {[%emt 0:05:51]} 22. h4 {[%emt 0:00:43]} Qd6 {[%emt 0:14:28]} 23. hxg5 {[%emt 0:01:03]} hxg5 {[%emt 0:00:26]} 24. Bxg5 {[%emt 0:00:48]} Ra7 {[%emt 0:02:00]} 25. Bf4 {[%emt 0:02:37]} Qf6 {[%emt 0:02:08]} 26. Re3 {[%emt 0:00:32]} d4 {[%emt 0:01:52]} 27. Rh3 {[%emt 0:01:18]} Rd8 {[%emt 0:01:43]} 28. Re1 {[%emt 0:02:51]} Ba6 {[%emt 0:03:42]} 29. Bg5 {[%emt 0:01:08]} Qe6 {[%emt 0:02:57]} 30. Qh7+ {[%emt 0:00:25]} Kf8 {[%emt 0:00:05]} 31. Bxe7+ {[%emt 0:01:29]} Rxe7 {[%emt 0:02:23]} 32. Ng6+ {[%emt 0:00:11]} Kf7 {[%emt 0:00:10]} 33. Rxe6 {[%emt 0:00:50]} Rxe6 {[%emt 0:00:06]} 34. Nge5+ {[%emt 0:01:02]} Kf8 {[%emt 0:00:27]} 35. Qxf5+ {[%emt 0:00:47]} 1-0